Discurso del Excmo. Sr. presidente Trujillo, dirigido... a la colonia española residente en el país (Record no. 146823)

MARC details
000 -LEADER
campo de control de longitud fija 00744nam a2200181 i 4500
001 - NÚMERO DE CONTROL
campo de control 146823
003 - IDENTIFICADOR DE NÚMERO DE CONTROL
campo de control ES-MaACL
005 - FECHA Y HORA DE LA ÚLTIMA TRANSACCIÓN
campo de control 20230906201701.0
007 - CAMPO FIJO DE DESCRIPCIÓN FÍSICA--INFORMACIÓN GENERAL
campo de control de longitud fija t|
008 - DATOS DE LONGITUD FIJA--INFORMACIÓN GENERAL
campo de control de longitud fija 070918s1951 dr |||| | spa d
100 1# - ENTRADA PRINCIPAL--NOMBRE DE PERSONA
Nombre de persona Trujillo Molina, Rafael Leónidas.
9 (RLIN) 111579
245 10 - MENCIÓN DEL TÍTULO
Título Discurso del Excmo. Sr. presidente Trujillo, dirigido... a la colonia española residente en el país
Resto del título : [tema: agradeciéndoles el homenaje que le hicieron] /
Mención de responsabilidad, etc. Rafael Leónidas Trujillo Molina.
260 ## - PUBLICACIÓN, DISTRIBUCIÓN, ETC.
Lugar de publicación, distribución, etc. Ciudad Trujillo :
Nombre del editor, distribuidor, etc. [s.n.],
Fecha de publicación, distribución, etc. 1951 (
Fabricante Imp. Dominicana)
300 ## - DESCRIPCIÓN FÍSICA
Extensión 4 p. ;
Dimensiones 24 cm.
651 #4 - PUNTO DE ACCESO ADICIONAL DE MATERIA--NOMBRE GEOGRÁFICO
Nombre geográfico España-
Subdivisión general Relaciones-
Subdivisión geográfica República Dominicana.
9 (RLIN) 169293
651 #4 - PUNTO DE ACCESO ADICIONAL DE MATERIA--NOMBRE GEOGRÁFICO
Nombre geográfico República Dominicana-
Subdivisión general Relaciones-
Subdivisión geográfica España.
9 (RLIN) 169294
852 ## - LOCALIZACIÓN
Ubicación ES-MaACL
Número de control de estantería 1950-F-1
Holdings
Estatus retirado Estado de pérdida Estado de daño No para préstamo Colección Biblioteca de origen Biblioteca actual Ubicación en estantería Fecha de adquisición Fuente de adquisición Total de préstamos Signatura topográfica completa Código de barras Visto por última vez Precio de reemplazo Tipo de ítem Koha
        Colección de folletos Biblioteca del Ateneo de Madrid Biblioteca del Ateneo de Madrid Depósito folletos 17/01/2008     1950-F-1 1153234 23/02/2023 23/02/2023 Folleto